Image processing (E-Book) (Record no. 191423)
[ view plain ]
| 000 -LEADER | |
|---|---|
| fixed length control field | 01355 a2200205 4500 |
| 003 - CONTROL NUMBER IDENTIFIER | |
| control field | Nust |
| 005 - DATE AND TIME OF LATEST TRANSACTION | |
| control field | 20170207154016.0 |
| 020 ## - INTERNATIONAL STANDARD BOOK NUMBER | |
| International Standard Book Number | 0-471-71998-6 |
| 040 ## - CATALOGING SOURCE | |
| Transcribing agency | Nust |
| 082 00 - DEWEY DECIMAL CLASSIFICATION NUMBER | |
| Classification number | 621.367 |
| 100 1# - MAIN ENTRY--PERSONAL NAME | |
| Personal name | Acharya, Tinku |
| 245 00 - TITLE STATEMENT | |
| Title | Image processing (E-Book) |
| Remainder of title | principles and applications |
| Statement of responsibility, etc. | Tinku Acharya, Ajoy K. Ray |
| 260 ## - PUBLICATION, DISTRIBUTION, ETC. | |
| Place of publication, distribution, etc. | Hoboken, NJ : |
| Name of publisher, distributor, etc. | Wiley, |
| Date of publication, distribution, etc. | 2005 |
| 300 ## - PHYSICAL DESCRIPTION | |
| Extent | xx, 428 s. : |
| Other physical details | ill. |
| 505 ## - FORMATTED CONTENTS NOTE | |
| Formatted contents note | Introduction (Page-1) Image Formation And Representation (Page-17) Color And Color Imagery (Page-37) Image Transformation (Page-61) Discrete Wavelet Transform (Page-79) Image Enhancement And Restoration (Page-105) Image Segmentation (Page-131) Recognition Of Image Patterns (Page-157) Texture And Shape Analysis (Page-181) Fuzzy Set Theory In Image Processing (Page-209) Image Mining And Content-Based Image Retrieval (Page-227) Biometric And Biomedical Image Processing (Page-253) Remotely Sensed Multispectral Scene Analysis (Page-285) Dynamic Scene Analysis: Moving Object Detection And Tracking (Page-307) Introduction To Image Compression (Page-329) JPEG: Still Image Compression Standard (Page-351) JPEG2000 Standard For Image Compression (Page-360) Coding Algorithms In JPEG2000 Standard (Page-391) |
| 650 #7 - SUBJECT ADDED ENTRY--TOPICAL TERM | |
| Topical term or geographic name entry element | Digital bildbehandling |
| 650 #7 - SUBJECT ADDED ENTRY--TOPICAL TERM | |
| Topical term or geographic name entry element | Image processing |
| General subdivision | Digital techniques |
| 651 ## - SUBJECT ADDED ENTRY--GEOGRAPHIC NAME | |
| Geographic name | E-Book |
| 700 1# - ADDED ENTRY--PERSONAL NAME | |
| Personal name | Ray, Ajoy K. |
| Dates associated with a name | 1954- |
| 942 ## - ADDED ENTRY ELEMENTS (KOHA) | |
| Source of classification or shelving scheme | |
| Koha item type | Book |
| Withdrawn status | Lost status | Source of classification or shelving scheme | Damaged status | Not for loan | Collection code | Permanent Location | Current Location | Date acquired | Total Checkouts | Barcode | Date last seen | Price effective from | Koha item type |
|---|---|---|---|---|---|---|---|---|---|---|---|---|---|
| Military College of Signals (MCS) | Military College of Signals (MCS) | 12/12/2016 | MCSEB-456 | 12/08/2016 | 12/12/2016 | Book |
